[Event "UZB-ch (Women) final"]
[Site "Tashkent"]
[Date "2021.04.26"]
[Round "10.4"]
[White "Omonova, Umida"]
[Black "Semenova, Irina"]
[Result "1/2-1/2"]
[WhiteElo "2008"]
[BlackElo "2188"]
[PlyCount "47"]
[EventDate "2021.04.17"]
[EventType "tourn"]
[EventRounds "11"]
[EventCountry "UZB"]
[SourceTitle "CBM 202 Extra"]
[Source "ChessBase"]
[SourceDate "2021.07.31"]
[SourceVersion "1"]
[SourceVersionDate "2021.07.31"]
[SourceQuality "1"]

1. e4 c6 2. d4 d5 3. Nd2 dxe4 4. Nxe4 Bf5 5. Ng3 Bg6 6. Nf3 Nd7 7. Bd3 e6 8. 0-0 Ngf6 9. Re1 Be7 10. c4 0-0 11. Bxg6 hxg6 12. b3 a5 13. a4 c5 14. Bb2 cxd4 15. Nxd4 Nc5 16. Qf3 Nh7 17. Rad1 Qb6 18. Nb5 Rfd8 19. Bd4 Qc6 20. Qe3 Nf6 21. h3 Rd7 22. Rd2 b6 23. Red1 Rad8 24. Bxc5 1/2-1/2

[Event "UZB-ch (Women) final"]
[Site "Tashkent"]
[Date "2021.04.22"]
[Round "6.3"]
[White "Yakubbaeva, Nilufar"]
[Black "Semenova, Irina"]
[Result "1-0"]
[WhiteElo "2275"]
[BlackElo "2188"]
[PlyCount "131"]
[EventDate "2021.04.17"]
[EventType "tourn"]
[EventRounds "11"]
[EventCountry "UZB"]
[SourceTitle "CBM 202 Extra"]
[Source "ChessBase"]
[SourceDate "2021.07.31"]
[SourceVersion "1"]
[SourceVersionDate "2021.07.31"]
[SourceQuality "1"]

1. e4 c5 2. Nf3 d6 3. c3 Nf6 4. Bd3 g6 5. 0-0 Bg7 6. Bc2 0-0 7. d4 cxd4 8. cxd4 Nc6 9. h3 Nb4 10. Bb3 d5 11. e5 Ne4 12. Nc3 Nxc3 13. bxc3 Nc6 14. c4 dxc4 15. Bxc4 Na5 16. Bd3 Be6 17. Be3 Bc4 18. Bxc4 Nxc4 19. Qb3 Qd5 20. Rab1 Rab8 21. Rfc1 Nb6 22. Qa3 Qd7 23. Qxa7 Nd5 24. Qa3 b6 25. Rc2 Rfc8 26. Rbc1 Bf8 27. Qb3 e6 28. Bd2 Rxc2 29. Rxc2 Rc8 30. a4 Rxc2 31. Qxc2 h6 32. Qc4 Kg7 33. Ne1 Be7 34. g3 Nc7 35. Nd3 b5 36. axb5 Nxb5 37. Be3 Na3 38. Qb3 Qb5 39. Nc5 Qxb3 40. Nxb3 Nb5 41. Kf1 Nc3 42. Nc5 h5 43. Ke1 Kf8 44. Kd2 Nd5 45. Kd3 Nb6 46. Ne4 Ke8 47. Bg5 Bb4 48. Nf6+ Kf8 49. Bh6+ Ke7 50. Bd2 Bxd2 51. Kxd2 Kd8 52. Kc3 Nc8 53. f3 Ne7 54. g4 h4 55. f4 g5 56. fxg5 Ng6 57. Nh5 Kc7 58. Kd3 Kc6 59. Ke4 Ne7 60. Nf4 Kd7 61. d5 exd5+ 62. Nxd5 Nc6 63. Kf5 Nd4+ 64. Kf6 Ke8 65. Nc7+ Kf8 66. e6 1-0

[Event "UZB-ch (Women) final"]
[Site "Tashkent"]
[Date "2021.04.21"]
[Round "5.2"]
[White "Semenova, Irina"]
[Black "Khegay, Yuliya"]
[Result "1/2-1/2"]
[WhiteElo "2188"]
[BlackElo "1913"]
[PlyCount "63"]
[EventDate "2021.04.17"]
[EventType "tourn"]
[EventRounds "11"]
[EventCountry "UZB"]
[SourceTitle "CBM 202 Extra"]
[Source "ChessBase"]
[SourceDate "2021.07.31"]
[SourceVersion "1"]
[SourceVersionDate "2021.07.31"]
[SourceQuality "1"]

1. d4 d5 2. c4 dxc4 3. Nf3 Nf6 4. e3 e6 5. Bxc4 c5 6. 0-0 a6 7. e4 cxd4 8. e5 Nd5 9. Qxd4 Nc6 10. Qg4 Nde7 11. Bg5 Qc7 12. Bxe7 Nxe7 13. Nbd2 Bd7 14. Rac1 Bc6 15. Nb3 Bxf3 16. Qxf3 Nc6 17. Qg3 Qxe5 18. f4 Qf6 19. f5 e5 20. Nd2 Qd8 21. Rcd1 Qb6+ 22. Kh1 0-0-0 23. Bxf7 Qc7 24. Be6+ Kb8 25. Ne4 Rxd1 26. Rxd1 Nd4 27. Qg4 Qc2 28. Rd2 Qb1+ 29. Rd1 Qc2 30. Rd2 Qb1+ 31. Rd1 Qc2 32. Rd2 1/2-1/2

[Event "Marienske Lazne op 15th"]
[Site "Marianske Lazne"]
[Date "2016.01.21"]
[Round "7"]
[White "Semenova, Irina"]
[Black "Jedrocha, Katarzyna"]
[Result "1-0"]
[WhiteElo "2160"]
[BlackElo "1945"]
[PlyCount "99"]
[EventDate "2016.01.16"]
[EventType "swiss"]
[EventRounds "9"]
[EventCountry "CZE"]
[SourceTitle "CBM 170 Extra"]
[Source "ChessBase"]
[SourceDate "2016.02.25"]
[SourceVersion "1"]
[SourceVersionDate "2016.02.25"]
[SourceQuality "1"]

1. e4 c5 2. Nf3 d6 3. d4 cxd4 4. Nxd4 Nf6 5. Nc3 a6 6. Bg5 Nbd7 7. f4 Qc7 8. Qf3 b5 9. 0-0-0 Bb7 10. Bd3 g6 11. Rhe1 Bg7 12. Qh3 0-0 13. Bh6 b4 14. Bxg7 Kxg7 15. Nb1 Rac8 16. Nd2 Nc5 17. Kb1 a5 18. g4 a4 19. g5 Nh5 20. f5 Nxd3 21. Qxd3 a3 22. bxa3 bxa3 23. Qxa3 Ra8 24. Qb2 Kg8 25. Re3 Ra4 26. Ra3 Rfa8 27. Rxa4 Rxa4 28. Re1 Qa5 29. N4b3 Qb6 30. Qc3 Qa7 31. Qc7 Qa8 32. Qxe7 Nf4 33. Qxd6 Ng2 34. Re2 Nh4 35. fxg6 Nxg6 36. Qf6 Bxe4 37. Nxe4 Rxe4 38. Qf3 Re8 39. Qxa8 Rxa8 40. Re4 h6 41. h4 hxg5 42. hxg5 Nf8 43. Re5 Kg7 44. Nd4 Kg6 45. Kb2 Ra4 46. c3 Ra7 47. Rb5 Nh7 48. Nf3 Re7 49. Nh4+ Kh5 50. g6+ 1-0

[Event "Chigorin Memorial 22nd"]
[Site "St Petersburg"]
[Date "2014.10.19"]
[Round "2"]
[White "Semenova, Irina"]
[Black "Tunik, Gennady"]
[Result "0-1"]
[WhiteElo "2220"]
[BlackElo "2417"]
[PlyCount "84"]
[EventDate "2014.10.18"]
[EventType "swiss"]
[EventRounds "9"]
[EventCountry "RUS"]
[SourceTitle "EXT 2015"]
[Source "ChessBase"]
[SourceDate "2014.11.20"]
[SourceVersion "1"]
[SourceVersionDate "2014.11.20"]
[SourceQuality "1"]

1. e4 c5 2. Nf3 e6 3. d4 cxd4 4. Nxd4 Nc6 5. Nc3 a6 6. Be2 Qc7 7. Be3 Nf6 8. 0-0 b5 9. a3 Bb7 10. f4 Nxd4 11. Qxd4 Rc8 12. Kh1 h5 13. Rad1 Bc5 14. Qxc5 Qxc5 15. Bxc5 Rxc5 16. e5 Ne4 17. Nxe4 Bxe4 18. c3 g5 19. Rd4 Bc6 20. Bf3 Bxf3 21. Rxf3 gxf4 22. Rdxf4 Rxe5 23. Rxf7 Rh7 24. Rf8+ Ke7 25. Kg1 Re1+ 26. Rf1 Rxf1+ 27. Rxf1 Rg7 28. h3 Rg5 29. Rf4 Rd5 30. a4 a5 31. axb5 Rxb5 32. b4 a4 33. Rf2 Rb8 34. Ra2 Ra8 35. c4 a3 36. c5 Kd8 37. Kf2 Kc7 38. Ke3 Kc6 39. Kd4 Kb5 40. Kc3 h4 41. Kb3 e5 42. Kc3 e4 0-1

[Event "Olomouc op 17th"]
[Site "Olomouc"]
[Date "2014.08.06"]
[Round "8"]
[White "Semenova, Irina"]
[Black "Slijper, Thomas"]
[Result "1-0"]
[WhiteElo "2221"]
[BlackElo "1902"]
[PlyCount "83"]
[EventDate "2014.07.31"]
[EventType "swiss"]
[EventRounds "9"]
[EventCountry "CZE"]
[SourceTitle "CBM 161 Extra"]
[Source "ChessBase"]
[SourceDate "2014.08.29"]
[SourceVersion "1"]
[SourceVersionDate "2014.08.29"]
[SourceQuality "1"]

1. e4 c6 2. d4 d5 3. Nc3 dxe4 4. Nxe4 Bf5 5. Ng3 Bg6 6. Nh3 e6 7. Nf4 Bd6 8. Ngh5 Bxf4 9. Nxf4 Nf6 10. Nxg6 hxg6 11. c3 Nbd7 12. Bc4 Nb6 13. Be2 Qd7 14. Qb3 Qd5 15. Qxd5 Nbxd5 16. a4 0-0-0 17. a5 a6 18. 0-0 Nc7 19. Bg5 Rd5 20. Be3 Rd7 21. c4 Ne4 22. Rfd1 Rhd8 23. Rac1 Kb8 24. h3 Nf6 25. Bf3 Ng8 26. b4 Ne7 27. g4 Nc8 28. Kg2 Nd6 29. Bf4 Nde8 30. d5 exd5 31. cxd5 cxd5 32. Rd2 Ka7 33. Rdc2 Nb5 34. Be2 Ned6 35. Bd3 d4 36. f3 Re8 37. Bd2 Ree7 38. Kf2 Ne8 39. Rc8 Nec7 40. Bg5 f6 41. Bf4 Nc3 42. Bxg6 1-0

[Event "Olomouc op 17th"]
[Site "Olomouc"]
[Date "2014.08.01"]
[Round "2"]
[White "Semenova, Irina"]
[Black "Sipek, Michal"]
[Result "1/2-1/2"]
[WhiteElo "2221"]
[BlackElo "1992"]
[PlyCount "49"]
[EventDate "2014.07.31"]
[EventType "swiss"]
[EventRounds "9"]
[EventCountry "CZE"]
[SourceTitle "CBM 161 Extra"]
[Source "ChessBase"]
[SourceDate "2014.08.29"]
[SourceVersion "1"]
[SourceVersionDate "2014.08.29"]
[SourceQuality "1"]

1. e4 c5 2. Nf3 Nc6 3. d4 cxd4 4. Nxd4 e5 5. Nb5 a6 6. Nd6+ Bxd6 7. Qxd6 Qf6 8. Qd2 Nge7 9. Nc3 b5 10. Bd3 0-0 11. 0-0 d6 12. a4 b4 13. Nd5 Nxd5 14. exd5 Nd4 15. f4 Qe7 16. Qxb4 a5 17. Qe1 Ba6 18. Qd1 Qc7 19. Rf2 Bxd3 20. Qxd3 Rfc8 21. fxe5 dxe5 22. d6 Qc6 23. c3 Nb3 24. Rb1 Rd8 25. Qf5 1/2-1/2

[Event "Bad Woerishofen op 30th"]
[Site "Bad Woerishofen"]
[Date "2014.03.23"]
[Round "9"]
[White "Estremera Panos, Sergio"]
[Black "Semenova, Irina"]
[Result "1-0"]
[WhiteElo "2353"]
[BlackElo "2243"]
[PlyCount "57"]
[EventDate "2014.03.21"]
[EventType "swiss"]
[EventRounds "9"]
[EventCountry "GER"]
[SourceTitle "CBM 159 Extra"]
[Source "ChessBase"]
[SourceDate "2014.04.24"]
[SourceVersion "1"]
[SourceVersionDate "2014.04.24"]
[SourceQuality "1"]

1. d4 Nf6 2. c4 g6 3. Nc3 Bg7 4. e4 d6 5. f3 0-0 6. Nge2 b6 7. Bg5 c5 8. d5 Nbd7 9. Qd2 Ba6 10. Ng3 Ne5 11. b3 Ne8 12. Be2 Bc8 13. 0-0 h5 14. f4 Ng4 15. Bxg4 Bd4+ 16. Kh1 Bxg4 17. f5 f6 18. Be3 Be5 19. fxg6 Bxg3 20. hxg3 Ng7 21. Bg1 Ne6 22. Qh6 Ng5 23. Be3 e5 24. Bxg5 Qe7 25. Qh7+ Qxh7 26. gxh7+ Kxh7 27. Rxf6 Rxf6 28. Bxf6 Rf8 29. Be7 1-0

[Event "Bad Woerishofen op 30th"]
[Site "Bad Woerishofen"]
[Date "2014.03.22"]
[Round "2"]
[White "Maier, Marius"]
[Black "Semenova, Irina"]
[Result "1-0"]
[WhiteElo "1949"]
[BlackElo "2243"]
[PlyCount "61"]
[EventDate "2014.03.21"]
[EventType "swiss"]
[EventRounds "9"]
[EventCountry "GER"]
[SourceTitle "CBM 159 Extra"]
[Source "ChessBase"]
[SourceDate "2014.04.24"]
[SourceVersion "1"]
[SourceVersionDate "2014.04.24"]
[SourceQuality "1"]

1. d4 Nf6 2. c4 g6 3. Nc3 Bg7 4. e4 d6 5. Nf3 0-0 6. h3 Qe8 7. Be3 Na6 8. g4 e5 9. d5 Nc5 10. Nd2 a5 11. Be2 c6 12. g5 Nfd7 13. h4 f6 14. Qc2 Rf7 15. 0-0-0 a4 16. h5 fxg5 17. hxg6 hxg6 18. Nf3 Nf6 19. Nxg5 Rc7 20. Bxc5 dxc5 21. d6 Rd7 22. Nxa4 Rd8 23. Nxc5 Rxa2 24. Kb1 Ra8 25. Qb3 Qf8 26. Nce6 Bxe6 27. Nxe6 Qf7 28. Ng5 Qd7 29. c5+ Kf8 30. Bg4 Nxg4 31. Nh7+ 1-0

[Event "Prague op-A 13th"]
[Site "Prague"]
[Date "2014.01.16"]
[Round "7"]
[White "Haznedaroglu, Kivanc"]
[Black "Semenova, Irina"]
[Result "1-0"]
[WhiteElo "2433"]
[BlackElo "2266"]
[PlyCount "49"]
[EventDate "2014.01.10"]
[EventType "swiss"]
[EventRounds "9"]
[EventCountry "CZE"]
[SourceTitle "CBM 158 Extra"]
[Source "ChessBase"]
[SourceDate "2014.02.28"]
[SourceVersion "1"]
[SourceVersionDate "2014.02.28"]
[SourceQuality "1"]

1. e4 e5 2. Nf3 Nc6 3. Bb5 a6 4. Ba4 d6 5. 0-0 Bd7 6. d4 b5 7. Bb3 Nxd4 8. Nxd4 exd4 9. c3 dxc3 10. Qh5 Qf6 11. Nxc3 c6 12. f4 g6 13. Qf3 Qe7 14. Bd2 Be6 15. Nd5 Qd8 16. Qc3 cxd5 17. Qxh8 Nf6 18. f5 gxf5 19. exf5 Qb6+ 20. Kh1 Ne4 21. fxe6 0-0-0 22. Bxd5 Nxd2 23. Qc3+ Nc4 24. b3 Qe3 25. Rac1 1-0

[Event "Prague op-B 13th"]
[Site "Prague"]
[Date "2014.??.??"]
[Round "1"]
[White "Egorov, Konstantin"]
[Black "Semenova, Irina"]
[Result "0-1"]
[WhiteElo "1587"]
[BlackElo "2014"]
[PlyCount "98"]
[EventDate "2014.01.10"]
[EventType "swiss"]
[EventRounds "9"]
[EventCountry "CZE"]
[SourceTitle "CBM 158 Extra"]
[Source "ChessBase"]
[SourceDate "2014.02.28"]
[SourceVersion "1"]
[SourceVersionDate "2014.02.28"]
[SourceQuality "1"]

1. Nf3 c5 2. g3 g6 3. Bg2 Bg7 4. 0-0 e5 5. d3 Ne7 6. c3 Nbc6 7. Re1 0-0 8. Nbd2 d5 9. e4 h6 10. exd5 Nxd5 11. Nc4 Re8 12. a4 Rb8 13. a5 b5 14. axb6 axb6 15. Ncd2 Be6 16. Nc4 Qc7 17. Nh4 Rbd8 18. Qb3 Rb8 19. Qb5 g5 20. Nf5 Bxf5 21. Bxd5 Bxd3 22. Bxc6 Bxc4 23. Qxc4 Qxc6 24. b4 b5 25. Qg4 e4 26. Ra3 cxb4 27. cxb4 Bc3 28. Rd1 Bxb4 29. Ra7 Bc5 30. Rad7 b4 31. Qf5 Rf8 32. Bb2 e3 33. R1d5 exf2+ 34. Kf1 Qa6+ 35. Rd3 Qe6 36. Qe5 Qxe5 37. Bxe5 Rb5 38. Rd8 b3 39. Bb2 Bb6 40. R8d6 Re8 41. Rd1 Re6 42. R6d3 Rb4 43. Rd8+ Bxd8 44. Rxd8+ Kh7 45. Rh8+ Kg6 46. Rg8+ Kf5 47. h3 Ree4 48. g4+ Kf4 49. Bc3 Re1+ 0-1

[Event "Prague op-B 13th"]
[Site "Prague"]
[Date "2014.??.??"]
[Round "6"]
[White "Semenova, Irina"]
[Black "Bjorn, Lasse E"]
[Result "1/2-1/2"]
[WhiteElo "2014"]
[BlackElo "1984"]
[PlyCount "52"]
[EventDate "2014.01.10"]
[EventType "swiss"]
[EventRounds "9"]
[EventCountry "CZE"]
[SourceTitle "CBM 158 Extra"]
[Source "ChessBase"]
[SourceDate "2014.02.28"]
[SourceVersion "1"]
[SourceVersionDate "2014.02.28"]
[SourceQuality "1"]

1. d4 Nf6 2. c4 g6 3. g3 Bg7 4. Bg2 d6 5. Nf3 0-0 6. Nc3 Nbd7 7. 0-0 e5 8. e4 a5 9. h3 h6 10. Be3 Re8 11. Qd2 Kh7 12. Qc2 Nh5 13. Rfd1 c6 14. dxe5 dxe5 15. c5 Qe7 16. Na4 Bf8 17. Nd2 Ng7 18. Nc4 Qf6 19. Nd6 Bxd6 20. Rxd6 Re6 21. Rad1 Rxd6 22. Rxd6 Qe7 23. Qd2 Ne6 24. h4 h5 25. Bh3 Nf6 26. Bg5 Nxg5 1/2-1/2

[Event "Prague op-B 13th"]
[Site "Prague"]
[Date "2014.??.??"]
[Round "8"]
[White "Semenova, Irina"]
[Black "Sindler, Michal"]
[Result "0-1"]
[WhiteElo "2014"]
[BlackElo "1816"]
[PlyCount "70"]
[EventDate "2014.01.10"]
[EventType "swiss"]
[EventRounds "9"]
[EventCountry "CZE"]
[SourceTitle "CBM 158 Extra"]
[Source "ChessBase"]
[SourceDate "2014.02.28"]
[SourceVersion "1"]
[SourceVersionDate "2014.02.28"]
[SourceQuality "1"]

1. d4 Nf6 2. c4 e6 3. Nc3 Bb4 4. Nf3 d6 5. Bg5 Bxc3+ 6. bxc3 Qe7 7. Qc2 h6 8. Bh4 0-0 9. e4 e5 10. d5 Na6 11. Nd2 g5 12. Bg3 Nh5 13. Be2 Nf4 14. Bxf4 exf4 15. 0-0-0 Nc5 16. f3 f5 17. g4 fxe4 18. fxe4 Bd7 19. Bf3 Kg7 20. Rde1 a6 21. Re2 Qe5 22. Nb3 Ba4 23. Rd1 Rab8 24. Rd4 b5 25. cxb5 Rxb5 26. Rxa4 Nxa4 27. Nd4 Nxc3 28. Qxc3 Rc5 29. Qxc5 dxc5 30. Ne6+ Kf7 31. Nxf8 Qc3+ 32. Kd1 Kxf8 33. Bg2 f3 34. Rf2 Qd3+ 35. Ke1 Qe3+ 0-1

[Event "Bayern-chI Bank Hofmann 17th"]
[Site "Bad Wiessee"]
[Date "2013.10.30"]
[Round "6"]
[White "Behling, Robert"]
[Black "Semenova, Irina"]
[Result "1/2-1/2"]
[WhiteElo "2124"]
[BlackElo "2255"]
[PlyCount "48"]
[EventDate "2013.10.26"]
[EventType "swiss"]
[EventRounds "9"]
[EventCountry "GER"]
[SourceTitle "EXT 2014"]
[Source "ChessBase"]
[SourceDate "2013.11.20"]
[SourceVersion "1"]
[SourceVersionDate "2013.11.20"]
[SourceQuality "1"]

1. c4 g6 2. e4 Bg7 3. d4 d6 4. Nc3 Nf6 5. Nf3 0-0 6. Be2 e5 7. dxe5 dxe5 8. Qxd8 Rxd8 9. Bg5 Na6 10. Nd5 Rd6 11. Nxf6+ Bxf6 12. Bxf6 Rxf6 13. Nxe5 Re6 14. f4 Nc5 15. 0-0-0 Nxe4 16. Rd8+ Kg7 17. Bg4 f5 18. Bf3 Nf6 19. Rhd1 Re8 20. Kc2 Kf8 21. Kc3 Rb8 22. Rxe8+ Kxe8 23. b4 a6 24. a3 Ke7 1/2-1/2

[Event "Voronezh op-A 17th"]
[Site "Voronezh"]
[Date "2013.06.18"]
[Round "6"]
[White "Semenova, Irina"]
[Black "Rodin, Dmitrij"]
[Result "1/2-1/2"]
[WhiteElo "2240"]
[BlackElo "2348"]
[PlyCount "60"]
[EventDate "2013.06.12"]
[EventType "swiss"]
[EventRounds "9"]
[EventCountry "RUS"]
[SourceTitle "EXT 2014"]
[Source "ChessBase"]
[SourceDate "2013.11.20"]
[SourceVersion "1"]
[SourceVersionDate "2013.11.20"]
[SourceQuality "1"]

1. e4 d5 2. exd5 Nf6 3. d4 Bg4 4. Be2 Bxe2 5. Qxe2 Qxd5 6. Nf3 Nc6 7. c4 Qf5 8. 0-0 0-0-0 9. d5 Nb4 10. Nc3 e6 11. dxe6 fxe6 12. Be3 Be7 13. Rad1 Nc6 14. a3 Ne4 15. Nxe4 Qxe4 16. b4 Bf6 17. h3 Ne7 18. Qa2 Nf5 19. Bc1 Rxd1 20. Rxd1 Nd4 21. Nxd4 Bxd4 22. Qb3 Qe2 23. Rxd4 Qe1+ 24. Kh2 Qxc1 25. Qg3 Qh6 26. Rf4 Rd8 27. Rf7 Rd7 28. Rf8+ Rd8 29. Rf7 Rd7 30. Rf8+ Rd8 1/2-1/2

[Event "Voronezh op-A 17th"]
[Site "Voronezh"]
[Date "2013.06.13"]
[Round "2"]
[White "Semenova, Irina"]
[Black "Rychagov, Andrey"]
[Result "0-1"]
[WhiteElo "2240"]
[BlackElo "2561"]
[PlyCount "148"]
[EventDate "2013.06.12"]
[EventType "swiss"]
[EventRounds "9"]
[EventCountry "RUS"]
[SourceTitle "EXT 2014"]
[Source "ChessBase"]
[SourceDate "2013.11.20"]
[SourceVersion "1"]
[SourceVersionDate "2013.11.20"]
[SourceQuality "1"]

1. e4 c5 2. Nf3 e6 3. d4 cxd4 4. Nxd4 a6 5. Nc3 b5 6. Bd3 Bc5 7. Nf3 d6 8. 0-0 Nf6 9. a3 0-0 10. b4 Ba7 11. Bb2 Nbd7 12. Qd2 Bb7 13. Rad1 Qc7 14. Qg5 Rac8 15. Ne2 h6 16. Qh4 Qd8 17. Ng3 Nh7 18. Qf4 Ng5 19. Nxg5 Qxg5 20. Qf3 Ne5 21. Qe2 Ng4 22. Nh1 Ne5 23. Bc1 Qh4 24. h3 d5 25. exd5 Nxd3 26. cxd3 Bxd5 27. Kh2 Bb8+ 28. f4 Bb3 29. Rd2 Rc6 30. g3 Qe7 31. Bb2 Rfc8 32. Qg4 f5 33. Qf3 Qd7 34. Re1 Qd5 35. Qxd5 Bxd5 36. Nf2 Rc2 37. Ree2 Rxd2 38. Rxd2 g5 39. Be5 Bxe5 40. fxe5 Rc3 41. Nd1 Rc1 42. Nf2 Kf7 43. g4 h5 44. gxf5 exf5 45. h4 g4 46. Kg3 Ke6 47. Kf4 Rg1 48. Nd1 g3 49. Ne3 g2 50. Rf2 Bb7 51. d4 Rd1 52. Nxg2 Rxd4+ 53. Ke3 Re4+ 54. Kd2 Kxe5 55. Ne1 Rxh4 56. Nd3+ Kf6 57. Nf4 Rh1 58. Ke3 h4 59. Rd2 Re1+ 60. Kf2 Re4 61. Nh3 Ke7 62. Rc2 Rc4 63. Re2+ Be4 64. Re3 Rc2+ 65. Ke1 Kf6 66. Nf2 Rc4 67. Kf1 Kg5 68. Nh3+ Kg4 69. Nf2+ Kf4 70. Rh3 Rc1+ 71. Ke2 Rc2+ 72. Ke1 Kg5 73. Re3 Bg2 74. Re8 h3 0-1

[Event "Prague op-A 12th"]
[Site "Prague"]
[Date "2013.01.14"]
[Round "7"]
[White "Sodoma, Jan"]
[Black "Semenova, Irina"]
[Result "1-0"]
[WhiteElo "2379"]
[BlackElo "2228"]
[PlyCount "91"]
[EventDate "2013.01.09"]
[EventType "swiss"]
[EventRounds "9"]
[EventCountry "CZE"]
[SourceTitle "CBM 152 Extra"]
[Source "ChessBase"]
[SourceDate "2013.02.25"]
[SourceVersion "1"]
[SourceVersionDate "2013.02.25"]
[SourceQuality "1"]

1. e4 e5 2. Nf3 Nc6 3. d4 exd4 4. Nxd4 Bc5 5. Nxc6 Qf6 6. Qf3 bxc6 7. Nc3 d6 8. Qg3 Qg6 9. Bd3 Nf6 10. Na4 Bb6 11. Bd2 Qxg3 12. hxg3 Ng4 13. Nxb6 axb6 14. Bc3 f6 15. f4 Ba6 16. Rh4 Nh6 17. Bxf6 gxf6 18. Rxh6 Kf7 19. Kd2 Kg7 20. Rh5 h6 21. a3 Bxd3 22. cxd3 c5 23. Rc1 Ra4 24. Ke3 c6 25. g4 d5 26. e5 Re8 27. b4 fxe5 28. Rxe5 Rxe5+ 29. fxe5 Kf7 30. bxc5 b5 31. Rh1 Rxg4 32. Rxh6 Rg3+ 33. Kd4 Rg4+ 34. Ke3 Rg3+ 35. Kd4 Rg4+ 36. Kc3 d4+ 37. Kb3 Rxg2 38. Rxc6 Rd2 39. Rd6 Rxd3+ 40. Kb4 Ke7 41. c6 Rc3 42. Kxb5 Rxa3 43. Rxd4 Rb3+ 44. Kc5 Rc3+ 45. Rc4 Re3 46. Kd4 1-0

[Event "Chigorin Memorial 20th"]
[Site "St Petersburg"]
[Date "2012.11.02"]
[Round "7"]
[White "Klevets, Ksenia"]
[Black "Semenova, Irina"]
[Result "0-1"]
[WhiteElo "1861"]
[BlackElo "2216"]
[PlyCount "64"]
[EventDate "2012.10.27"]
[EventType "swiss"]
[EventRounds "9"]
[EventCountry "RUS"]
[SourceTitle "EXT 2013"]
[Source "ChessBase"]
[SourceDate "2012.11.22"]
[SourceVersion "1"]
[SourceVersionDate "2012.11.22"]
[SourceQuality "1"]

1. e4 e5 2. Nf3 Nc6 3. c3 Nf6 4. d4 Nxe4 5. d5 Ne7 6. Nxe5 Ng6 7. Qf3 Nf6 8. Nxg6 hxg6 9. Be2 d6 10. 0-0 Be7 11. h3 Bf5 12. Nd2 a6 13. c4 Kf8 14. g4 Bc8 15. Qg3 Nd7 16. f4 Bf6 17. Ne4 Bd4+ 18. Be3 Bxe3+ 19. Qxe3 Qh4 20. Kg2 Nf6 21. Ng5 Bd7 22. Rh1 Re8 23. Qd3 Nh7 24. Nf3 Qf6 25. Kg3 g5 26. f5 g6 27. fxg6 Qf4+ 28. Kg2 Re3 29. Qc2 Nf6 30. Qd1 Ne4 31. Qe1 Bxg4 32. hxg4 Qxg4+ 0-1

[Event "Chigorin Memorial 20th"]
[Site "St Petersburg"]
[Date "2012.10.31"]
[Round "5"]
[White "Arslanov, Shamil"]
[Black "Semenova, Irina"]
[Result "1/2-1/2"]
[WhiteElo "2421"]
[BlackElo "2216"]
[PlyCount "89"]
[EventDate "2012.10.27"]
[EventType "swiss"]
[EventRounds "9"]
[EventCountry "RUS"]
[SourceTitle "EXT 2013"]
[Source "ChessBase"]
[SourceDate "2012.11.22"]
[SourceVersion "1"]
[SourceVersionDate "2012.11.22"]
[SourceQuality "1"]

1. d4 Nf6 2. c4 g6 3. g3 Bg7 4. Bg2 0-0 5. Nf3 d6 6. Nc3 Nbd7 7. 0-0 e5 8. e4 exd4 9. Nxd4 Re8 10. h3 Nc5 11. Re1 a5 12. Qc2 c6 13. Be3 a4 14. Rad1 Qa5 15. Bf4 Bf8 16. e5 dxe5 17. Bxe5 Ncd7 18. Bf4 Rxe1+ 19. Rxe1 a3 20. b3 Bb4 21. Re3 Qb6 22. Qd3 Nc5 23. Qe2 Ne6 24. Nxe6 Bxe6 25. Bg5 Nd7 26. Rxe6 Bxc3 27. Re7 Qd4 28. Be3 Qd6 29. Bf4 Qd4 30. Be3 Qd6 31. Bf4 Qd4 32. Bh6 Bb4 33. Re3 Qa1+ 34. Kh2 Bc5 35. Rd3 Nf8 36. Qf3 Re8 37. Rd2 Bb4 38. Re2 Rxe2 39. Qxe2 Ne6 40. h4 Bc5 41. Bf3 Qb2 42. Kg2 Qxe2 43. Bxe2 Nd4 44. Bd1 Bb4 45. Be3 1/2-1/2

[Event "Chigorin Memorial 20th"]
[Site "St Petersburg"]
[Date "2012.10.27"]
[Round "1"]
[White "Khismatullin, Denis Rimovich"]
[Black "Semenova, Irina"]
[Result "1-0"]
[WhiteElo "2638"]
[BlackElo "2216"]
[PlyCount "81"]
[EventDate "2012.10.27"]
[EventType "swiss"]
[EventRounds "9"]
[EventCountry "RUS"]
[SourceTitle "EXT 2013"]
[Source "ChessBase"]
[SourceDate "2012.11.22"]
[SourceVersion "1"]
[SourceVersionDate "2012.11.22"]
[SourceQuality "1"]

1. d4 Nf6 2. c4 g6 3. g3 Bg7 4. Bg2 0-0 5. Nc3 d6 6. Nf3 Nbd7 7. 0-0 e5 8. h3 Re8 9. e4 exd4 10. Nxd4 Nc5 11. Re1 a5 12. Qc2 c6 13. Be3 Nfd7 14. Rad1 a4 15. f4 Qa5 16. Bf2 Nb6 17. Bf1 Bd7 18. a3 Rad8 19. Na2 Nc8 20. Nb4 Re7 21. Bg2 Rde8 22. g4 f6 23. f5 Rf7 24. Ne2 Bh6 25. Bg3 gxf5 26. exf5 Re3 27. Bf2 Re5 28. Ng3 Rfe7 29. Nh5 Kf7 30. Rxe5 Rxe5 31. Bh4 Bg7 32. Nxg7 Kxg7 33. Qd2 Nb3 34. Bxf6+ Kxf6 35. Qh6+ Kf7 36. Qxh7+ Ke8 37. Qg8+ Ke7 38. f6+ Kxf6 39. Rf1+ Bf5 40. Qf8+ Kg5 41. gxf5 1-0

[Event "Marianske Lazne op 11th"]
[Site "Marianske Lazne"]
[Date "2012.01.24"]
[Round "5"]
[White "Semenova, Irina"]
[Black "Toman, Jaroslav"]
[Result "1/2-1/2"]
[WhiteElo "2220"]
[BlackElo "2191"]
[PlyCount "45"]
[EventDate "2012.01.21"]
[EventType "swiss"]
[EventRounds "9"]
[EventCountry "CZE"]
[SourceTitle "CBM 146 Extra"]
[Source "ChessBase"]
[SourceDate "2012.02.29"]
[SourceVersion "1"]
[SourceVersionDate "2012.02.29"]
[SourceQuality "1"]

1. e4 c5 2. Nf3 Nc6 3. d4 cxd4 4. Nxd4 Nf6 5. Nc3 e5 6. Ndb5 d6 7. Bg5 a6 8. Na3 Be6 9. Nc4 Rc8 10. Ne3 Be7 11. Bxf6 Bxf6 12. Ncd5 Bg5 13. c3 0-0 14. Be2 Bxe3 15. Nxe3 Ne7 16. Bf3 Rc7 17. 0-0 Rd7 18. Qe2 d5 19. exd5 Nxd5 20. Nxd5 Bxd5 21. Bxd5 Rxd5 22. Rfd1 g6 23. Rxd5 1/2-1/2